|
|
|
|
| LEADER |
01086nam a2200265 a 4500 |
| 001 |
3161250 |
| 008 |
091222s1975 mdua b 001 0 eng |
| 010 |
|
|
|a 75010896
|
| 020 |
|
|
|a 0801817560 :
|c $12.00.
|
| 020 |
|
|
|a 0801817692
|b pbk. :
|c $3.95
|
| 040 |
|
|
|a DLC
|c DLC
|d DLC
|d BD-DhAAL
|
| 082 |
0 |
0 |
|a 309.2/63/096
|2 18
|
| 100 |
1 |
|
|a Lele, Uma J.
|
| 245 |
1 |
4 |
|a The design of rural development :
|b lessons from Africa /
|c Uma Lele.
|
| 260 |
|
|
|a Baltimore :
|b Published for the World Bank by Johns Hopkins University Press,
|c [1975]
|
| 300 |
|
|
|a xii, 246 p. :
|b ill. ;
|c 23 cm.
|
| 504 |
|
|
|a Includes bibliography: (p. [227]-238) and index.
|
| 541 |
1 |
|
|e 00001033
|
| 651 |
|
0 |
|a Africa
|x Rural conditions
|x Case studies.
|
| 651 |
|
0 |
|a Developing countries
|x Economic policy.
|
| 651 |
|
0 |
|a Developing countries
|x Social conditions.
|
| 710 |
2 |
|
|a World Bank.
|
| 852 |
4 |
|
|a Ayesha Abed Library
|j General Shelf.
|
| 999 |
|
|
|c 6341
|d 6341
|
| 952 |
|
|
|0 0
|1 0
|2 ddc
|4 0
|6 309_263096000000000_LEL_1975
|7 0
|9 6391
|a BRACUL
|b BRACUL
|c GEN
|d 2009-12-23
|g 376.00
|l 0
|o 309.263096 LEL
|p 3010001033
|r 2009-12-23
|t 1
|v 752.00
|w 2009-12-23
|y BK
|